Gincana interna Anchieta 2019 (Record no. 68023)

MARC details
000 -LÍDER
campo de controle de tamanho fixo 00271 a2200109 4500
001 - NÚMERO DE CONTROLE
campo de controle 68023
040 ## - FONTE DA CATALOGAÇÃO
Instituição que transcreveu o registro Anchieta - Pituba
240 10 - TÍTULO UNIFORME
Título uniforme Gincana interna Anchieta 2019
Idioma da obra por
245 10 - TÍTULO
Título Gincana interna Anchieta 2019
650 #4 - ASSUNTO--TERMO TÓPICO
Cabeçalho tópico ou nome geográfico Línguas espanhola e portuguesa
942 ## - ELEMENTOS DE ENTRADA ADICIONADOS (KOHA)
Tipo de material Koha Materiais mixtos
Holdings
Situação do descarte Situação das perdas Situação física Não pode ser emprestado Biblioteca de origem Biblioteca atual Data de aquisição Total de empréstimos Número de chamada completo Código de barras Data de último acesso Data do preço efetivo Tipo de material Koha
        Colégio Anchieta - Pituba Colégio Anchieta - Pituba 21/11/2023   460 G492 GIN 23122/PIT 21/11/2023 21/11/2023 Materiais mixtos